| 000 | 00442nam a2200133Ia 4500 | ||
|---|---|---|---|
| 008 | 151021s9999 xx 000 0 und d | ||
| 020 | _a9.7899661655e+012 | ||
| 050 | _aBv4598.4 .F 2012 | ||
| 245 | _a_The battle is Gods Reflecting on spiritual warfare for african believers Keith Ferdinando | ||
| 260 | _aNairobi African Christian Textbooks 2012 | ||
| 300 | _axiv,146p. | ||
| 650 | _a_God's Battle | ||
| 980 | _a^d20141022 03:44:04^oanne | ||
| 999 |
_c15035 _d15035 |
||